[Event "Team men HL chess 2018"]
[Site "Sochi"]
[Date "2018.05.04"]
[Round "4.2"]
[White "Rodin, Dmitrij"]
[Black "Nazaretyan, Tigran"]
[Result "1/2-1/2"]
[WhiteElo "2412"]
[BlackElo "2302"]
[PlyCount "110"]
[EventDate "2018.05.01"]

1. e4 c5 2. Nf3 Nc6 3. d4 cxd4 4. Nxd4 Nf6 5. Nc3 d6 6. Bg5 e6 7. Qd2 a6 8.
O-O-O Bd7 9. f4 h6 10. Bh4 g5 11. fxg5 Ng4 12. Be2 Nge5 13. Nf3 Be7 14. Kb1
hxg5 15. Bg3 b5 16. Rhf1 f6 17. Nxe5 dxe5 18. Bg4 Qc7 19. Rf3 O-O-O 20. Rd3 Nb8
21. Ne2 Qb6 22. Nc1 Kb7 23. Nb3 Bc8 24. Bf2 Qc7 25. Qe3 Nc6 26. a3 f5 27. Rxd8
Rxd8 28. Rxd8 Qxd8 29. Be2 Kb8 30. Qc3 Bb7 31. Bd3 f4 32. Be2 Qd6 33. Bc5 Qc7
34. Bg4 Bxc5 35. Nxc5 Nd4 36. b4 Qh7 37. Bxe6 Nxe6 38. Nxe6 Qxe4 39. Qc7+ Ka7
40. Nc5 Qc6 41. Qxe5 Qd5 42. Qxd5 Bxd5 43. g3 f3 44. Nd3 g4 45. Kc1 Be4 46. Kd2
Kb6 47. Ke3 Bf5 48. Nf2 Kc6 49. c3 Kd5 50. h3 gxh3 51. g4 Be6 52. Kxf3 Kc4 53.
Nxh3 Kxc3 54. Nf4 Bxg4+ 55. Kxg4 Kb3 1/2-1/2

[Event "Team men HL chess 2018"]
[Site "Sochi"]
[Date "2018.05.04"]
[Round "4.3"]
[White "Tenikashvili, Georgij"]
[Black "Kalugin, Sergey G"]
[Result "1/2-1/2"]
[WhiteElo "2294"]
[BlackElo "2398"]
[PlyCount "81"]
[EventDate "2018.05.01"]

1. d4 d6 2. Nf3 Nf6 3. c4 g6 4. Nc3 Bg7 5. Bg5 O-O 6. e3 c6 7. Be2 a6 8. O-O b5
9. Nd2 Nbd7 10. Bf3 Qb6 11. Qc2 Bb7 12. b4 c5 13. bxc5 dxc5 14. Na4 Qa7 15.
Bxb7 Qxb7 16. Nxc5 Nxc5 17. dxc5 Ng4 18. Rac1 Qc7 19. Nf3 b4 20. c6 h6 21. Bh4
g5 22. Bg3 Qxc6 23. c5 Bc3 24. Qf5 Nf6 25. Nd4 Qc8 26. Qe5 Ra7 27. c6 Nh5 28.
Qc5 Nxg3 29. fxg3 Rc7 30. Rc2 e5 31. Qxe5 Bxd4 32. Qxd4 Rxc6 33. Rxc6 Qxc6 34.
Qxb4 Qe6 35. Qd2 Re8 36. Re1 Qe4 37. h3 Re6 38. Qc3 Rc6 39. Qd4 Qxd4 40. exd4
Rc2 41. Re7 1/2-1/2

[Event "Team men HL chess 2018"]
[Site "Sochi"]
[Date "2018.05.04"]
[Round "4.1"]
[White "Kezin, Roman"]
[Black "Airapetian, Gor"]
[Result "1/2-1/2"]
[WhiteElo "2445"]
[BlackElo "2437"]
[PlyCount "79"]
[EventDate "2018.05.01"]

1. d4 Nf6 2. c4 e6 3. g3 d5 4. Nf3 dxc4 5. Bg2 a6 6. O-O Nc6 7. e3 Bd7 8. Qe2
b5 9. b3 cxb3 10. axb3 Be7 11. Bb2 O-O 12. Rc1 Nb4 13. Ne5 Rc8 14. Nd2 c6 15.
h4 Be8 16. Ba3 a5 17. h5 Qb6 18. h6 g6 19. Nd3 Bd7 20. Nc5 Rfd8 21. Bxb4 axb4
22. Ra6 Qb8 23. Nxd7 Rxd7 24. Rcxc6 Rxc6 25. Bxc6 Ra7 26. Rxa7 Qxa7 27. Qxb5
Qa1+ 28. Kg2 Qb2 29. Nc4 Qc2 30. Ne5 Ne4 31. Qb8+ Bf8 32. Bxe4 Qxe4+ 33. f3
Qxe3 34. Qe8 Qd2+ 35. Kf1 Qd1+ 36. Kg2 Qd2+ 37. Kf1 Qd1+ 38. Kg2 Qd2+ 39. Kf1
Qd1+ 40. Kg2 1/2-1/2

[Event "Team men HL chess 2018"]
[Site "Sochi"]
[Date "2018.05.04"]
[Round "4.2"]
[White "Grigorjev, Iljya"]
[Black "Bublei, Pavel"]
[Result "1-0"]
[WhiteElo "2318"]
[BlackElo "2387"]
[PlyCount "129"]
[EventDate "2018.05.01"]

1. b3 d5 2. Bb2 Nf6 3. Nf3 c5 4. e3 Nc6 5. Bb5 Bd7 6. O-O e6 7. Bxc6 Bxc6 8.
Ne5 Rc8 9. f4 d4 10. Nxc6 Rxc6 11. Qf3 dxe3 12. dxe3 c4 13. Rd1 Qb6 14. Bxf6
gxf6 15. Nd2 cxb3 16. axb3 Bc5 17. Kh1 Qc7 18. Ne4 Be7 19. Qg3 a6 20. c4 f5 21.
Qg7 Rf8 22. Nf6+ Bxf6 23. Qxf6 Qe7 24. Qd4 f6 25. e4 e5 26. fxe5 fxe5 27. Qd3
fxe4 28. Qxe4 Rf4 29. Qe3 Rd6 30. Re1 Rdf6 31. Rad1 Kf8 32. h3 e4 33. Kg1 Kg8
34. Rd4 Qe5 35. Rxe4 Rxe4 36. Qxe4 Qxe4 37. Rxe4 Rb6 38. Re3 Rb4 39. Kf2 a5 40.
Rc3 Kf7 41. Ke3 Ke6 42. Kd4 Kf5 43. Re3 Kf6 44. Re5 Rxb3 45. Rxa5 Rg3 46. Rb5
Rg7 47. g4 Rd7+ 48. Rd5 Rc7 49. Rh5 Kg6 50. Rb5 Rf7 51. Kd5 Rd7+ 52. Kc5 Rc7+
53. Kb4 Kf6 54. Rh5 Kg6 55. Kb5 Re7 56. Kb6 Re4 57. Rc5 Re3 58. Kxb7 Rxh3 59.
Re5 Kf6 60. Re4 Rc3 61. Kc6 Rd3 62. c5 Rd1 63. Kc7 Rc1 64. c6 Rd1 65. Kc8 1-0

[Event "Team men HL chess 2018"]
[Site "Sochi"]
[Date "2018.05.04"]
[Round "4.3"]
[White "Antonenko, Vladimir"]
[Black "Grachev, Andrey"]
[Result "1-0"]
[WhiteElo "2343"]
[BlackElo "2189"]
[PlyCount "71"]
[EventDate "2018.05.01"]

1. d4 d5 2. c4 e6 3. Nf3 Nf6 4. g3 dxc4 5. Bg2 a6 6. Ne5 Bb4+ 7. Nc3 Nd5 8. O-O
O-O 9. Qc2 b5 10. Nxd5 exd5 11. b3 f6 12. bxc4 fxe5 13. Bxd5+ Kh8 14. Bxa8 exd4
15. Rb1 Qe7 16. Be4 Bc5 17. Kg2 b4 18. e3 Nd7 19. exd4 Bxd4 20. Bb2 Bxb2 21.
Rxb2 Nc5 22. f3 a5 23. Rbb1 Qf6 24. Rbd1 a4 25. Qf2 Ne6 26. h4 c5 27. Rd5 b3
28. axb3 axb3 29. Rb1 Qc3 30. Qd2 Qxc4 31. Qd1 Bb7 32. Rxb3 Nd4 33. Rxb7 Qa2+
34. Kh3 Qf2 35. Rxd4 cxd4 36. Rd7 1-0

[Event "Team men HL chess 2018"]
[Site "Sochi"]
[Date "2018.05.04"]
[Round "4.4"]
[White "Ajrapetian, Gevorg"]
[Black "Gubsky, Egor"]
[Result "0-1"]
[WhiteElo "2398"]
[BlackElo "2303"]
[PlyCount "82"]
[EventDate "2018.05.01"]

1. e4 c5 2. Nf3 Nc6 3. d4 cxd4 4. Nxd4 e6 5. Nxc6 bxc6 6. Bd3 d5 7. O-O Nf6 8.
Nd2 Be7 9. e5 Nd7 10. Re1 Nc5 11. Bf1 Ba6 12. Bxa6 Nxa6 13. Qg4 g6 14. Nf3 h5
15. Qa4 Qc8 16. Bg5 Nc5 17. Qf4 Qd8 18. Rad1 Rb8 19. b3 Rb7 20. Re3 Rd7 21. Rc3
Ne4 22. Bxe7 Qxe7 23. Rxc6 O-O 24. Re1 Qa3 25. Qh6 Qxa2 26. h3 Rb8 27. g4 hxg4
28. hxg4 Qa3 29. Rxe4 dxe4 30. Ng5 Qa1+ 31. Kg2 Qxe5 32. Qh7+ Kf8 33. Nxe6+ Ke7
34. Nc5 Rh8 35. Re6+ Qxe6 36. Qxh8 Qxg4+ 37. Kh2 Qf4+ 38. Kg2 Qf3+ 39. Kh2
Qxf2+ 40. Kh3 Qf3+ 41. Kh4 Qh1+ 0-1

[Event "Team men HL chess 2018"]
[Site "Sochi"]
[Date "2018.05.04"]
[Round "4.1"]
[White "Jary, Sergey"]
[Black "Kozionov, Kirill"]
[Result "1/2-1/2"]
[WhiteElo "2297"]
[BlackElo "2452"]
[PlyCount "81"]
[EventDate "2018.05.01"]

1. d4 Nf6 2. Bf4 e6 3. e3 c5 4. c3 Nc6 5. Nd2 d5 6. Bd3 Be7 7. h3 O-O 8. Ngf3
Bd6 9. Bxd6 Qxd6 10. dxc5 Qxc5 11. e4 e5 12. O-O h6 13. Qe2 Nh5 14. Nb3 Qd6 15.
exd5 Nf4 16. Qe3 Nxd5 17. Qc5 Qxc5 18. Nxc5 b6 19. Be4 Nde7 20. Nd3 f6 21. Nb4
Bb7 22. Rfd1 Rfd8 23. Nd5 Nxd5 24. Bxd5+ Kf8 25. Nh4 Rd7 26. Be6 Rxd1+ 27. Rxd1
Rd8 28. Bb3 Rxd1+ 29. Bxd1 Ne7 30. Nf3 Bd5 31. a3 Nf5 32. Nd2 Nd6 33. f3 Ke7
34. Kf2 f5 35. Be2 g5 36. c4 Bc6 37. g4 Kf6 38. b4 e4 39. gxf5 exf3 40. Bxf3
Bxf3 41. Kxf3 1/2-1/2

[Event "Team men HL chess 2018"]
[Site "Sochi"]
[Date "2018.05.04"]
[Round "4.2"]
[White "Golubev, Roman"]
[Black "Shemyakin, Valeriy"]
[Result "1-0"]
[WhiteElo "2391"]
[BlackElo "2266"]
[PlyCount "91"]
[EventDate "2018.05.01"]

1. e4 d5 2. exd5 Qxd5 3. Nc3 Qa5 4. d4 Nf6 5. Nf3 Bg4 6. h3 Bxf3 7. Qxf3 c6 8.
Bd3 e6 9. O-O Nbd7 10. Ne4 Nxe4 11. Bxe4 Qc7 12. Bg5 h6 13. Bh4 Nb6 14. c4 Nxc4
15. Rfd1 g5 16. Bg3 Bd6 17. Rac1 Nb6 18. Bxc6+ bxc6 19. Rxc6 Bxg3 20. Rxc7 Bxc7
21. Qc6+ Kd8 22. d5 Rc8 23. d6 Bb8 24. Qf3 f5 25. Qh5 Nd7 26. Qg6 Re8 27. Qxh6
Rc6 28. Qxg5+ Kc8 29. Qf4 Nf6 30. Qe5 Nd7 31. Qg3 Nb6 32. Qg6 Kd8 33. Qf6+ Kc8
34. Qf7 Rd8 35. Qxe6+ Kb7 36. Qxf5 Rdxd6 37. Rxd6 Rxd6 38. g3 Nd5 39. h4 Kc6
40. h5 Rf6 41. Qg5 Bd6 42. Kg2 Bc5 43. f4 Bd6 44. h6 Bxf4 45. gxf4 Rg6 46. Kf3
1-0

[Event "Team men HL chess 2018"]
[Site "Sochi"]
[Date "2018.05.04"]
[Round "4.3"]
[White "Kurbedinov, Ramis"]
[Black "Kuzub, Pavel"]
[Result "1-0"]
[WhiteElo "2309"]
[BlackElo "2033"]
[PlyCount "73"]
[EventDate "2018.05.01"]

1. Nf3 Nf6 2. c4 c6 3. Nc3 d5 4. e3 e6 5. b3 Nbd7 6. Bb2 Be7 7. d4 b6 8. Bd3
Bb7 9. O-O O-O 10. Qe2 Qc7 11. Rac1 Rfe8 12. Rfd1 Rac8 13. e4 dxe4 14. Nxe4
Nxe4 15. Qxe4 Nf8 16. c5 Bf6 17. Ne5 b5 18. b4 a5 19. a3 Ra8 20. Bc2 axb4 21.
axb4 g6 22. Bb3 Bg7 23. Qf4 Qe7 24. g4 h6 25. Re1 Qf6 26. Qg3 g5 27. Rc3 Ng6
28. Rf3 Nf4 29. Re4 Qe7 30. Rexf4 gxf4 31. Qxf4 Rf8 32. Qe4 Qg5 33. Nxf7 Qe7
34. Qg6 Rxf7 35. Rxf7 Qxf7 36. Bxe6 Rf8 37. d5 1-0

[Event "Team men HL chess 2018"]
[Site "Sochi"]
[Date "2018.05.04"]
[Round "4.4"]
[White "Alieva, Alexandra"]
[Black "Shemeakin, Alexander"]
[Result "1/2-1/2"]
[WhiteElo "2089"]
[BlackElo "2263"]
[PlyCount "157"]
[EventDate "2018.05.01"]

1. e4 e6 2. d4 d5 3. Nd2 c5 4. c3 Nf6 5. Bd3 cxd4 6. cxd4 dxe4 7. Nxe4 Nxe4 8.
Bxe4 Nd7 9. Nf3 Nf6 10. Bc2 Bb4+ 11. Bd2 Qa5 12. O-O Bxd2 13. Nxd2 O-O 14. Nc4
Qb4 15. Qd3 Rd8 16. Rfd1 Bd7 17. Ne5 Qb5 18. Bb3 Rac8 19. Bc4 Qb6 20. Rd2 Bc6
21. Nxc6 Rxc6 22. Rad1 h6 23. Bb3 Rcd6 24. Qe3 a5 25. h3 Nd5 26. Qe4 Qb4 27.
Bc2 Nf6 28. Qe3 Kf8 29. a3 Qb6 30. Bb3 Nd5 31. Qf3 Qb5 32. Ba2 Qd7 33. Qe4 Kg8
34. Bb1 Nf6 35. Qe3 b5 36. f4 b4 37. axb4 axb4 38. Qb3 Qb5 39. Kh2 Qb8 40. g3
h5 41. Qe3 R6d7 42. Qf3 g6 43. Ba2 h4 44. g4 g5 45. Kg2 gxf4 46. Rd3 Nd5 47.
Bxd5 Rxd5 48. Qe4 Qd6 49. Qe1 Qe7 50. Qe4 e5 51. dxe5 Rxd3 52. Rxd3 Rxd3 53.
Qxd3 Qxe5 54. Kf3 Kg7 55. Qd2 f6 56. Qxf4 Qxb2 57. Qc7+ Kg6 58. Qd8 Qc3+ 59.
Kf4 Qc4+ 60. Kf3 b3 61. Qe8+ Qf7 62. Qb5 Qe6 63. Qh5+ Kg7 64. Qb5 Qd6 65. Qb7+
Kg6 66. Ke2 Qh2+ 67. Ke1 Qc2 68. Qe7 b2 69. Qe8+ Kh6 70. Qe3+ Kg7 71. Qe7+ Kg8
72. Qe8+ Kg7 73. Qe7+ Kg6 74. Qe8+ Kh6 75. Qe3+ Kh7 76. Qe7+ Kh8 77. Qf8+ Kh7
78. Qf7+ Kh8 79. Qf8+ 1/2-1/2

[Event "Team men HL chess 2018"]
[Site "Sochi"]
[Date "2018.05.05"]
[Round "5.1"]
[White "Goryachkina, Aleksandra"]
[Black "Rozum, Ivan"]
[Result "1-0"]
[WhiteElo "2496"]
[BlackElo "2581"]
[PlyCount "69"]
[EventDate "2018.05.01"]

1. d4 d6 2. e4 Nf6 3. Nc3 g6 4. f4 Bg7 5. Nf3 O-O 6. Bd3 Nc6 7. e5 dxe5 8. dxe5
Nd5 9. Nxd5 Qxd5 10. Qe2 Bg4 11. Be4 Qa5+ 12. Bd2 Qb6 13. O-O-O Nd4 14. Qd3
Rfd8 15. Qa3 Bxf3 16. Bxf3 Nxf3 17. Qxf3 c6 18. Kb1 Qb5 19. Bc1 Rd5 20. h4 Rad8
21. Rdf1 Rd4 22. h5 Qd5 23. hxg6 hxg6 24. Qh3 e6 25. g4 g5 26. Qh7+ Kf8 27.
fxg5 Qxe5 28. g6 R4d7 29. g5 Qe2 30. Re1 Qc4 31. Rh4 Rd4 32. gxf7 Kxf7 33. Rh6
Kf8 34. Rf6+ Bxf6 35. gxf6 1-0

[Event "Team men HL chess 2018"]
[Site "Sochi"]
[Date "2018.05.05"]
[Round "5.2"]
[White "Lintchevski, Daniil"]
[Black "Potapov, Pavel"]
[Result "1/2-1/2"]
[WhiteElo "2544"]
[BlackElo "2492"]
[PlyCount "76"]
[EventDate "2018.05.01"]

1. e4 c5 2. Nf3 Nc6 3. d4 cxd4 4. Nxd4 e5 5. Nb5 d6 6. N1c3 a6 7. Na3 Be7 8.
Nc4 b5 9. Ne3 Nf6 10. Bd3 O-O 11. O-O Rb8 12. a3 b4 13. Ncd5 a5 14. axb4 axb4
15. Nxe7+ Qxe7 16. c4 bxc3 17. bxc3 Be6 18. Ba3 Qc7 19. Qc2 Rfd8 20. Rfb1 h6
21. h3 Rxb1+ 22. Rxb1 Ra8 23. Bc1 Nd7 24. Qd1 Na5 25. Bd2 Nc5 26. Bc2 Nc4 27.
Nxc4 Bxc4 28. Ra1 Rxa1 29. Qxa1 Bd3 30. Bxd3 Nxd3 31. Qa8+ Kh7 32. Qd5 Nc5 33.
c4 Ne6 34. Be3 Kg8 35. Qb5 Kh7 36. Qd5 Kg8 37. Qb5 Kh7 38. Qd5 Kg8 1/2-1/2

[Event "Team men HL chess 2018"]
[Site "Sochi"]
[Date "2018.05.05"]
[Round "5.4"]
[White "Smirnov, Artem"]
[Black "Savitskiy, Sergey"]
[Result "0-1"]
[WhiteElo "2400"]
[BlackElo "2416"]
[PlyCount "94"]
[EventDate "2018.05.01"]

1. Nf3 Nf6 2. g3 g6 3. b3 Bg7 4. Bb2 O-O 5. Bg2 c5 6. c4 Nc6 7. O-O d6 8. d4
cxd4 9. Nxd4 Bd7 10. Nc3 Qa5 11. e3 Rfc8 12. Qe2 Rab8 13. Rac1 a6 14. a3 Qd8
15. b4 Ne5 16. Nb1 b5 17. Nd2 Qe8 18. c5 dxc5 19. bxc5 Nc6 20. N2b3 Nxd4 21.
Bxd4 e5 22. Bb2 b4 23. c6 Bxc6 24. Rxc6 Rxc6 25. Bxc6 Qxc6 26. Bxe5 Qb5 27.
Qxb5 Rxb5 28. Bxf6 Bxf6 29. axb4 Rxb4 30. Na5 Rb5 31. Nc6 a5 32. Nd4 Bxd4 33.
exd4 a4 34. Ra1 Rb4 35. d5 Kf8 36. Rc1 Rb8 37. d6 Ke8 38. Re1+ Kd8 39. Re7 Ra8
40. Rxf7 Ra5 41. Re7 a3 42. Re1 Kd7 43. Kg2 Kxd6 44. f4 a2 45. Ra1 Kd5 46. Kf3
Kd4 47. Kg4 Kc3 0-1

[Event "Team men HL chess 2018"]
[Site "Sochi"]
[Date "2018.05.05"]
[Round "5.1"]
[White "Rychagov, Andrey"]
[Black "Levin, Evgeny A"]
[Result "1/2-1/2"]
[WhiteElo "2534"]
[BlackElo "2528"]
[PlyCount "127"]
[EventDate "2018.05.01"]

1. d4 Nf6 2. c4 e6 3. Nf3 b6 4. a3 Bb7 5. Nc3 d5 6. Bg5 Be7 7. e3 O-O 8. Rc1
Nbd7 9. cxd5 exd5 10. Bd3 c5 11. O-O h6 12. Bf4 Ne4 13. Bb1 Ndf6 14. Ne5 cxd4
15. exd4 Rc8 16. Qd3 Re8 17. Ne2 Rxc1 18. Rxc1 Bd6 19. Ng3 Bc8 20. f3 Nxg3 21.
hxg3 Be6 22. Nc6 Bxf4 23. gxf4 Qd6 24. Ne5 Rc8 25. Rxc8+ Bxc8 26. Qc2 Be6 27.
g4 Kf8 28. g5 hxg5 29. fxg5 Ne8 30. b4 f6 31. gxf6 gxf6 32. Ng6+ Kg8 33. f4 Qd7
34. Qc6 Qxc6 35. Ne7+ Kf8 36. Nxc6 a6 37. Bd3 Nc7 38. a4 Bd7 39. Nb8 Bxa4 40.
Nxa6 Ne6 41. f5 Nxd4 42. Nc7 Bc6 43. Kf2 Ke7 44. Ke3 Nb3 45. Ne6 Kd6 46. Nd4
Nxd4 47. Kxd4 Ba4 48. Bb1 Bd1 49. Bd3 Bf3 50. Ke3 Bg2 51. Kd4 Kc6 52. Ke3 Kd6
53. Kd4 Ke7 54. Bc2 Kf8 55. Bb3 Be4 56. Bxd5 Bxf5 57. Kc4 Bd7 58. Bf3 Ke7 59.
Kd5 Ba4 60. Bg4 Bb5 61. Bh3 Ba4 62. Bg4 Kf7 63. Be2 Ke7 64. Bg4 1/2-1/2

[Event "Team men HL chess 2018"]
[Site "Sochi"]
[Date "2018.05.05"]
[Round "5.2"]
[White "Duzhakov, Ilya"]
[Black "Novikov, Stanislav"]
[Result "1-0"]
[WhiteElo "2415"]
[BlackElo "2540"]
[PlyCount "85"]
[EventDate "2018.05.01"]

1. e4 c5 2. Nf3 e6 3. d4 cxd4 4. Nxd4 a6 5. Bd3 Bc5 6. Nb3 Ba7 7. Qg4 Nf6 8.
Qg3 d6 9. Nc3 Nc6 10. O-O Ne5 11. Be2 b5 12. a3 Bb7 13. Be3 Nxe4 14. Nxe4 Bxe4
15. Qxg7 Kd7 16. Rfd1 Qg8 17. Qxg8 Rhxg8 18. Bxa7 Bxg2 19. f4 Nc4 20. Bf2 Be4+
21. Kf1 Bxc2 22. Nc5+ Ke7 23. Rdc1 Bf5 24. b3 Nd2+ 25. Ke1 Rg2 26. Ra2 Ne4 27.
Nxe4 Bxe4 28. Rc7+ Kf8 29. Rd2 Rxh2 30. Rxd6 Rh3 31. Bc5 Kg8 32. Rdd7 Bg6 33.
Bd1 h5 34. Kf2 Rh2+ 35. Kg3 Rb2 36. Bd4 Rb1 37. Be5 a5 38. Ra7 Rc8 39. Rxa5 Kh7
40. Rxb5 Kh6 41. Rb8 Rxb8 42. Bxb8 Bf5 43. Be5 1-0

[Event "Team men HL chess 2018"]
[Site "Sochi"]
[Date "2018.05.05"]
[Round "5.3"]
[White "Obolentseva, Alexandra"]
[Black "Schekachikhin, Maksim"]
[Result "1-0"]
[WhiteElo "2316"]
[BlackElo "2400"]
[PlyCount "89"]
[EventDate "2018.05.01"]

1. d4 Nf6 2. c4 e6 3. Nc3 Bb4 4. Qc2 c5 5. dxc5 Bxc5 6. Bf4 O-O 7. e3 a6 8. a3
Be7 9. Nf3 d6 10. Rd1 Qc7 11. Bd3 Nbd7 12. O-O h6 13. h3 b6 14. Rfe1 Bb7 15.
Nd2 Rac8 16. Qb1 Qb8 17. Bh2 Rfd8 18. Bf1 Qa8 19. Rc1 Nf8 20. Red1 Ng6 21. b4
Nh4 22. f3 Nf5 23. Re1 Bf8 24. e4 Nd4 25. Qd3 Nc6 26. Qe3 Nd7 27. Na4 Qa7 28.
Bg3 a5 29. b5 Ncb8 30. Nb3 Ba8 31. Red1 Nc5 32. Nbxc5 dxc5 33. Rxd8 Rxd8 34.
Qf4 Bd6 35. Rd1 Bxf4 36. Rxd8+ Kh7 37. Bxf4 Nd7 38. Bd6 Qb7 39. e5 f5 40. Bd3
Kg6 41. Re8 Kf7 42. Re7+ Kg8 43. Rxe6 Qc8 44. Bxf5 Qd8 45. Bg6 1-0

[Event "Team men HL chess 2018"]
[Site "Sochi"]
[Date "2018.05.05"]
[Round "5.4"]
[White "Vlasenko, Miroslav"]
[Black "Yeritsyan, Aram"]
[Result "0-1"]
[WhiteElo "2398"]
[BlackElo "2332"]
[PlyCount "78"]
[EventDate "2018.05.01"]

1. d4 Nf6 2. Bg5 Ne4 3. Bf4 d5 4. e3 c5 5. Bd3 Nf6 6. dxc5 Nc6 7. Bb5 e6 8. b4
a5 9. c3 Bd7 10. Bxc6 Bxc6 11. Qd4 Nd7 12. Nf3 f6 13. Bg3 e5 14. Qg4 g6 15. h4
f5 16. Qh3 Qf6 17. O-O h6 18. a4 axb4 19. cxb4 g5 20. Nfd2 g4 21. Qh2 f4 22.
exf4 exf4 23. Ra3 fxg3 24. Qxg3 d4 25. Qxg4 O-O-O 26. Nc4 Be7 27. Rg3 Qxh4 28.
Qe6 Qf6 29. Qh3 Kb8 30. Nbd2 Ne5 31. Re1 Nxc4 32. Nxc4 Rhf8 33. Re2 Qh4 34. Qe6
d3 35. Qe5+ Ka7 36. Re1 Qxc4 37. b5 d2 38. Rd1 Qc2 39. b6+ Ka8 0-1

[Event "Team men HL chess 2018"]
[Site "Sochi"]
[Date "2018.05.05"]
[Round "5.1"]
[White "Utnasunov, Alexander"]
[Black "Sychev, Klementy"]
[Result "1/2-1/2"]
[WhiteElo "2446"]
[BlackElo "2550"]
[PlyCount "120"]
[EventDate "2018.05.01"]

1. d4 Nf6 2. c4 e6 3. Nc3 Bb4 4. a3 Bxc3+ 5. bxc3 O-O 6. e3 b6 7. Bd3 Bb7 8.
Nf3 c5 9. O-O Be4 10. Be2 Nc6 11. Nd2 Bg6 12. a4 d6 13. f3 Rc8 14. Nb3 Nd7 15.
d5 exd5 16. cxd5 Ncb8 17. c4 Na6 18. e4 f5 19. exf5 Bxf5 20. Bb2 Qe7 21. Re1
Qe3+ 22. Kh1 Nb4 23. Bf1 Qg5 24. Qd2 Qxd2 25. Nxd2 Rce8 26. Kg1 a5 27. g4 Bc2
28. Kf2 Nf6 29. Rxe8 Rxe8 30. Bc3 Kf7 31. h4 Nd7 32. h5 Nf6 33. Bxb4 axb4 34.
Ra2 Bd1 35. Ra1 Bc2 36. Ra2 Bd1 37. Bd3 b3 38. Rb2 Ra8 39. Nxb3 Rxa4 40. Nd2
Rb4 41. Ra2 Ba4 42. Kg3 h6 43. f4 Ke7 44. g5 hxg5 45. fxg5 Nxh5+ 46. Kg4 Bd1+
47. Kh4 Nf4 48. Ra7+ Kf8 49. Ra8+ Ke7 50. Ra7+ Kf8 51. Bf5 g6 52. Ra8+ Ke7 53.
Ra7+ Kd8 54. Ra8+ Kc7 55. Be6 Bc2 56. Rf8 Ng2+ 57. Kg3 Ne3 58. Rf7+ Kd8 59.
Rf8+ Kc7 60. Rf7+ Kb8 1/2-1/2

[Event "Team men HL chess 2018"]
[Site "Sochi"]
[Date "2018.05.05"]
[Round "5.2"]
[White "Demidov, Mikhail"]
[Black "Tekeyev, Zaur"]
[Result "1/2-1/2"]
[WhiteElo "2511"]
[BlackElo "2378"]
[PlyCount "163"]
[EventDate "2018.05.01"]

1. Nf3 Nf6 2. g3 g6 3. b3 Bg7 4. Bb2 d6 5. d4 c5 6. Bg2 cxd4 7. Nxd4 d5 8. O-O
O-O 9. c4 e5 10. Nf3 e4 11. Nd4 dxc4 12. Nd2 c3 13. Bxc3 Qe7 14. e3 Nd5 15. Bb2
f5 16. Nc4 Rd8 17. Qe2 Na6 18. Rac1 Bd7 19. Na5 Be8 20. a3 Rac8 21. b4 Nb8 22.
h3 b6 23. Nab3 a6 24. Qd2 Qf7 25. Rfe1 Ba4 26. Bf1 Kh8 27. Rc4 Ne7 28. Rxc8
Nxc8 29. Rc1 Nd6 30. Rc3 Qd7 31. Qc1 Rc8 32. Rxc8+ Qxc8 33. Qa1 Kg8 34. Qa2 Kh8
35. Nd2 Qg8 36. Ne6 Ne8 37. Bc4 Bf6 38. Qa1 Nd7 39. Nc5 Qg7 40. Bxf6 Nexf6 41.
Nxa4 b5 42. Nc5 bxc4 43. Nxc4 Nxc5 44. bxc5 Ne8 45. Qd4 Qxd4 46. exd4 Nc7 47.
Nb6 Kg7 48. d5 Kf6 49. a4 Ke5 50. d6 Ne6 51. d7 Nd8 52. Na8 Kd5 53. Nc7+ Kxc5
54. Nxa6+ Kb6 55. Nb4 Ka5 56. Nd5 Kxa4 57. Nf6 Kb5 58. Nxh7 Kc6 59. h4 Kxd7 60.
Nf8+ Ke7 61. Nxg6+ Kf6 62. Nf4 Nf7 63. Kf1 Ne5 64. Ke2 Ng4 65. Nd5+ Ke5 66. Ne3
Nf6 67. Kd2 f4 68. Ng2 e3+ 69. Nxe3 fxg3 70. f3 Nh5 71. Ng2 Ng7 72. Ke2 Nf5 73.
h5 Nd4+ 74. Ke3 Nf5+ 75. Kd3 Kf6 76. Ke4 Ng7 77. h6 Ne6 78. f4 Nxf4 79. Nxf4 g2
80. h7 Kg7 81. h8=B+ Kxh8 82. Nxg2 1/2-1/2

[Event "Team men HL chess 2018"]
[Site "Sochi"]
[Date "2018.05.05"]
[Round "5.3"]
[White "Nechaev, Oleg"]
[Black "Nikolenko, Oleg"]
[Result "0-1"]
[WhiteElo "2410"]
[BlackElo "2480"]
[PlyCount "54"]
[EventDate "2018.05.01"]

1. d4 Nf6 2. Nf3 g6 3. c4 Bg7 4. Nc3 d5 5. e3 O-O 6. b4 c6 7. Bb2 Bg4 8. Qb3
Bxf3 9. gxf3 a5 10. b5 Nbd7 11. f4 a4 12. Qb4 c5 13. dxc5 a3 14. Bxa3 b6 15.
cxb6 Nxb6 16. Rd1 e5 17. fxe5 Ng4 18. Be2 Nxe5 19. Nxd5 Nxd5 20. Rxd5 Qh4 21.
c5 Qh3 22. Rd2 Rfd8 23. Rxd8+ Rxd8 24. Rg1 Nf3+ 25. Bxf3 Qxf3 26. Qb3 Bc3+ 27.
Kf1 Rd2 0-1

[Event "Team men HL chess 2018"]
[Site "Sochi"]
[Date "2018.05.05"]
[Round "5.4"]
[White "Saulin, Dmitri"]
[Black "Nuristani, Iman"]
[Result "0-1"]
[WhiteElo "2376"]
[BlackElo "2132"]
[PlyCount "84"]
[EventDate "2018.05.01"]

1. d4 e6 2. Nf3 Nf6 3. g3 b6 4. Bg2 Bb7 5. O-O Be7 6. c4 O-O 7. d5 exd5 8. Nh4
c6 9. cxd5 Nxd5 10. Nf5 Bf6 11. e4 Ne7 12. Nd6 Ba6 13. Re1 Nc8 14. e5 Nxd6 15.
exf6 Qxf6 16. Nc3 Nc4 17. Ne4 Qg6 18. b3 Ne5 19. Ba3 d5 20. Bxf8 Kxf8 21. Nc5
bxc5 22. Rxe5 Nd7 23. Re3 Qd6 24. Rc1 d4 25. Re1 Ne5 26. Qh5 Nd3 27. Qxh7 Qh6
28. Qf5 g6 29. Qd7 Nxc1 30. Qxc6 Ne2+ 31. Kh1 Re8 32. Rd1 Re6 33. Qxc5+ Kg7 34.
Bf3 d3 35. b4 Rf6 36. Qe5 Qh3 37. g4 Bc4 38. Bg2 Qxg4 39. Rd2 Qd4 40. Qxd4 Nxd4
41. Be4 Nf3 42. Rd1 d2 0-1

[Event "Team men HL chess 2018"]
[Site "Sochi"]
[Date "2018.05.05"]
[Round "5.1"]
[White "Chigaev, Maksim"]
[Black "Zakaryan, David"]
[Result "1-0"]
[WhiteElo "2565"]
[BlackElo "2398"]
[PlyCount "51"]
[EventDate "2018.05.01"]

1. Nf3 Nf6 2. g3 g6 3. Bg2 Bg7 4. O-O O-O 5. d3 d5 6. Nbd2 Nc6 7. d4 Re8 8. c4
e5 9. dxe5 Nxe5 10. Nxe5 Rxe5 11. cxd5 Bg4 12. f3 Qxd5 13. fxg4 Qd4+ 14. e3
Qxe3+ 15. Kh1 Qd4 16. Nf3 Qxd1 17. Rxd1 Re2 18. Ng1 Nxg4 19. Nxe2 Nf2+ 20. Kg1
Nxd1 21. Bxb7 Rb8 22. Bd5 Nxb2 23. Rb1 Rb5 24. Bb3 Nc4 25. Bf4 c5 26. Rd1 1-0

[Event "Team men HL chess 2018"]
[Site "Sochi"]
[Date "2018.05.05"]
[Round "5.2"]
[White "Oganian, Miran"]
[Black "Zhurikhin, Alexander"]
[Result "1/2-1/2"]
[WhiteElo "2422"]
[BlackElo "2371"]
[PlyCount "116"]
[EventDate "2018.05.01"]

1. d4 d5 2. c4 c6 3. Nf3 Nf6 4. Qc2 dxc4 5. Qxc4 Bg4 6. Nbd2 Nbd7 7. g3 e6 8.
Bg2 Be7 9. O-O O-O 10. Ne5 Bh5 11. Nxd7 Qxd7 12. Nb3 Rfd8 13. e4 a5 14. a4 b5
15. Qc2 bxa4 16. Rxa4 c5 17. Rc4 cxd4 18. Nxd4 Rac8 19. Nc6 Rxc6 20. Rxc6 Bd1
21. Qc4 Be2 22. Qxe2 Qxc6 23. Bf4 h6 24. Rc1 Qa4 25. h4 Qb4 26. Bf3 a4 27. Rc3
Bc5 28. Rc4 Qb5 29. e5 Nd5 30. Bxh6 Bxf2+ 31. Kxf2 Qb6+ 32. Kg2 gxh6 33. Rxa4
Ne3+ 34. Kh3 Nf5 35. Ra8 Rxa8 36. Bxa8 Qb3 37. Qg4+ Kf8 38. Be4 Ne7 39. Qf4 Ng8
40. Qd2 Kg7 41. Qc3 Qb5 42. Qd4 Qb3 43. Bd3 Ne7 44. h5 Qb8 45. Qg4+ Kf8 46. Qf4
Ng8 47. b4 Qd8 48. Bg6 Qd7 49. b5 Kg7 50. Bc2 Qxb5 51. Be4 Qb2 52. Qg4+ Kh8 53.
Qf4 Qd4 54. Kh2 Qd1 55. Qxf7 Qe2+ 56. Bg2 Qxe5 57. Bh3 Qe2+ 58. Kg1 Qe1+
1/2-1/2

[Event "Team men HL chess 2018"]
[Site "Sochi"]
[Date "2018.05.05"]
[Round "5.3"]
[White "Aminov, Andrey"]
[Black "Kudelya, Igor"]
[Result "0-1"]
[WhiteElo "2296"]
[BlackElo "2341"]
[PlyCount "80"]
[EventDate "2018.05.01"]

1. e4 g6 2. d4 Bg7 3. Nf3 d6 4. c3 b6 5. Bd3 Bb7 6. O-O Nd7 7. Re1 e6 8. Nbd2
Ne7 9. Nf1 a6 10. Ng3 h6 11. Be3 Kf8 12. a4 Kg8 13. b4 a5 14. Qb3 Kh7 15. Nd2
Ba6 16. Bc2 c5 17. b5 Bb7 18. Nc4 Nc8 19. Rad1 cxd4 20. cxd4 d5 21. Nd2 dxe4
22. Ndxe4 Qh4 23. h3 Ra7 24. Bc1 Bd5 25. Qd3 Rc7 26. Nc3 Nf6 27. Ba3 Bc4 28.
Qf3 Rd8 29. Nce4 Bd5 30. Nxf6+ Qxf6 31. Qe2 Kg8 32. Bb2 Nd6 33. Bd3 Qh4 34. Qe3
Nc4 35. Bxc4 Rxc4 36. Rc1 Rxa4 37. Rc7 Rb4 38. Ba3 Rb3 39. Be7 Rxe3 40. Rxe3
Bf6 0-1